| 000 | 00592cam a2200193 a 4500 | ||
|---|---|---|---|
| 001 | 000010060 | ||
| 005 | 20200929161826.0 | ||
| 008 | 881011s1986 sp 000 p spa | ||
| 020 | _a843987801X | ||
| 040 |
_aDO-SdBNP _cDLC _dDLC |
||
| 082 |
_a861.64 _bG216p |
||
| 100 | 1 |
_aGarcía Fuentes, Antonio. _925037 |
|
| 245 | 1 | 0 |
_aPensando en... Andalucia / _cAntonio García Fuentes. |
| 260 |
_aJean, España : _bElinga Libros, _c1986. |
||
| 300 |
_a153 p. ; _c22 cm. |
||
| 650 | 4 |
_aPoesía española _9631 |
|
| 650 | 4 |
_aLiteratura español _ySIGLO XX _925038 |
|
| 910 | _aCatalogación por copia / LC | ||
| 999 |
_c9819 _d9819 |
||